| 000 | 00656nam a22001937a 4500 | ||
|---|---|---|---|
| 005 | 20130703124548.0 | ||
| 010 | _aB-508994-995 | ||
| 020 |
_c840.00 _a9789380068831 |
||
| 035 | _aB-508994-995 | ||
| 037 | _bKBD/Ven | ||
| 082 | _a547 | ||
| 100 | _aShahi, Ranjeet | ||
| 245 |
_aEssential Organic Chemistry : _cby Ranjeet Shahi _bthe 'mechanism' approach.../ |
||
| 260 |
_aMeerut _bArihant Publications _c20? |
||
| 270 |
_aKalindi, TP Nagar, _bMeerut _e250002 _k0121-2401479 |
||
| 300 |
_a1437p. _c25cm(pbk) |
||
| 942 |
_2ddc _cEN _h547 _mRAN |
||
| 999 |
_c77151 _d77151 |
||